书目信息 |
| 题名: |
维尼纶生产分析检验
|
|
| 作者: | ;北京维尼纶厂 编著 | |
| 分册: | ||
| 出版信息: | 北京 轻工业出版社 1976 |
|
| 页数: | 204页 | |
| 开本: | 19cm | |
| 丛书名: | ||
| 单 册: | ||
| 中图分类: | TQ342.07 | |
| 科图分类: | ||
| 主题词: | 聚乙醇纤维--分析 , 聚乙醇纤维--检验 | |
| 电子资源: | ||
| ISBN: | ||
| 000 | 00644nam0 2200229 45 | |
| 001 | 0176001493 | |
| 005 | 20060725112640.10 | |
| 010 | @dCNY0.55 | |
| 100 | @a19951017d1976 em y0chiy0121 ea | |
| 101 | 0 | @achi |
| 102 | @aCN@b110000 | |
| 105 | @ay z 000yy | |
| 200 | 10 | @a维尼纶生产分析检验@Awei ni lun sheng chan fen xi jian yan@f北京维尼纶厂编著 |
| 210 | @a北京@c轻工业出版社@d1976 | |
| 215 | @a204页@d19cm | |
| 606 | @a聚乙醇纤维@x分析 | |
| 606 | @a聚乙醇纤维@x检验 | |
| 690 | @aTQ342.07@v3 | |
| 711 | 02 | @a北京维尼纶厂@Abei jing wei ni lun chang@4编著 |
| 801 | 2 | @aCN@bNLC@c20060725 |
| 801 | 0 | @aCN@bTSSF |
| 905 | @a10447@dTQ342.07@e6 | |
| 维尼纶生产分析检验/北京维尼纶厂编著.-北京:轻工业出版社,1976 |
| 204页;19cm |
| ISBN :CNY0.55 |
| ● |
| 相关链接 |
|
|
|
|
正题名:维尼纶生产分析检验
索取号:TQ342.07/6
 
预约/预借
| 序号 | 登录号 | 条形码 | 馆藏地/架位号 | 状态 | 备注 |
| 1 | 0438388 | 204383880 | 密集书库/ [索取号:TQ342.07/6] | 在馆 |